000 00616nam a2200241Ia 4500
003 OSt
005 20220912152146.0
006 a|||||r|||| 00| 0
007 ta
008 220909b |||||||| |||| 00| 0 eng d
024 _a57644
037 _cTextual
040 _aCSL
_beng
_cCSL
041 _aeng
082 _aY173P73:3N, J0 CS
100 _aInverarity Robert Bruce
245 0 _aArt of the Northwest Coast Indians
260 _c1950
300 _ap.
_ccm.
650 _aEthnology
942 _hY173P73:3N, J0 CS
_cTEXL
_2CC
999 _c82099
_d82099